Loreto College Library, Kolkata
WEBOPAC (ONLINE PUBLIC ACCESS CATALOGUE)

Joy in parenting (Record no. 34516)

MARC details
000 -LEADER
fixed length control field 00408nam a2200169Ia 4500
008 - FIXED-LENGTH DATA ELEMENTS--GENERAL INFORMATION
fixed length control field 131103s9999 xx 000 0 und d
020 ## - ISBN | অাই এস বি এন
ISBN | অাই এস বি এন 0 8091 2125 5
040 ## - CATALOGING SOURCE
Original cataloging agency Loreto College
041 ## - LANGUAGE CODE
Language code English
082 ## - DDC | ডিউই
Classification number | বর্গসংখ্যা MIS/SCH
Book Number | গ্রন্থাঙ্ক LCBED/9309
245 ## - TITLE STATEMENT | অাখ্যা বিবরণী
Title | অাখ্যা Joy in parenting
260 ## - IMPRINT | প্রকাশনা ক্ষেত্র
Place of publication | প্রকাশ স্থান New York
Name of publisher | প্রকাশকের নাম Paulist
Date of publication | প্রকাশ কাল 1978
300 ## - PHYSICAL DESCRIPTION |
Page / Vol. No | পৃষ্ঠা / খন্ড সংখ্যা 191p.
Other physical details | অনান্য বাহ্যিক বিবরণ ill.
650 ## - SUBJECT ADDED ENTRY--TOPICAL TERM | বিষয় শিরোনাম - মূল বিষয়
Topical term | মূল বিষয় Mis
850 ## - HOLDING INSTITUTION
Holding institution LCBED/MIS/SCH
942 ## - ADDED ENTRY ELEMENTS (KOHA)
Koha item type Books
Holdings
Withdrawn status Lost status Damaged status Not for loan Home library Current library Date acquired Total Checkouts Full call number Accession No. Date last seen Price effective from Koha item type
        Loreto College Loreto College 04/11/2013   MIS/SCH LCBED/9309 B37374 04/11/2013 04/11/2013 Books